书目信息 |
| 题名: |
高速公路路政管理
|
|
| 作者: | 郗恩崇 主编 | |
| 分册: | ||
| 出版信息: | 北京 人民交通出版社 2005.1 |
|
| 页数: | 273页 | |
| 开本: | 23cm | |
| 丛书名: | ||
| 单 册: | ||
| 中图分类: | F542.6 | |
| 科图分类: | ||
| 主题词: | 高速公路--gao su gon lu--公路运输--行政管理--中国 , 高速公路--gao su gon lu , 公路运输--gon lu yun shu | |
| 电子资源: | ||
| ISBN: | 7-114-05301-0 | |
| 000 | 01163nam0 2200325 450 | |
| 000 | 01183nam0 2200325 450 | |
| 000 | 01146nam0 2200313 450 | |
| 000 | 01129nam0 2200313 450 | |
| 000 | 01092nam0 2200301 45 | |
| 001 | 012005000000 | |
| 005 | 20050131101010.0 | |
| 010 | @a7-114-05301-0@d28.00CNY | |
| 100 | @a20050131d2005 em y0chiy0121 ea | |
| 101 | 0 | @achi |
| 102 | @aCN@b110000 | |
| 105 | @ak z 000yy | |
| 200 | 1 | @a高速公路路政管理@Agao su gon lu lu zheng guan li@f郗恩崇主编 |
| 210 | @a北京@c人民交通出版社@d2005.1 | |
| 215 | @a273页@d23cm | |
| 300 | @a高速公路管理从业人员岗位培训教材 | |
| 304 | @a中国交通教育研究会组织编写 | |
| 320 | @a有书目(第273页) | |
| 330 | @a本书主要内容包括:高速公路路政管理的涵义、性质、特点、任务与作用;高速公路路政管理体制与管理机构;高速公路路政管理法规和执法行为;高速公路路产管理和路权维护;高速公路建筑控制区管理等内容。 | |
| 606 | 0 | @a高速公路@Agao su gon lu@x公路运输@x行政管理@y中国 |
| 606 | 0 | @a高速公路@Agao su gon lu |
| 606 | 0 | @a公路运输@Agon lu yun shu |
| 690 | @aF542.6@v4 | |
| 701 | 0 | @a郗恩崇@Axi en chong@4主编 |
| 801 | 0 | @aCN@bSRXX@c20050131 |
| 905 | @a10447@dF542.6@eX136 | |
| 高速公路路政管理/郗恩崇主编.-北京:人民交通出版社,2005.1 |
| 273页;23cm |
| 高速公路管理从业人员岗位培训教材 |
| ISBN 7-114-05301-0:28.00CNY |
| 本书主要内容包括:高速公路路政管理的涵义、性质、特点、任务与作用;高速公路路政管理体制与管理机构;高速公路路政管理法规和执法行为;高速公路路产管理和路权维护;高速公路建筑控制区管理等内容。 |
| ● |
| 相关链接 |
|
|
|
正题名:高速公路路政管理
索取号:F542.6/X136
 
预约/预借
| 序号 | 登录号 | 条形码 | 馆藏地/架位号 | 状态 | 备注 |
| 1 | 540016 | 205400163 | 社科库409/409社科库 38排2列2层/ [索取号:F542.6/X136] | 在馆 | |
| 2 | 540017 | 205400172 | 社科库409/409社科库 38排2列2层/ [索取号:F542.6/X136] | 在馆 | |
| 3 | 540018 | 205400181 | 社科库409/409社科库 38排2列2层/ [索取号:F542.6/X136] | 在馆 |